000
00264nam a22001217a 4500
008
170213b xxu||||| |||| 00| 0 eng d
041
_a
eng
080
_a
61
100
_a
4
101
_a
SHM
245
_a
PERIPHERAL VASCULAR DISEASES
_c
ALLEN, E.V
942
_2
udc
_c
BK
999
_c
5264
_d
5264